BTEC HNC HND Business / Option Module Nine: Personnel Management in the Organisation (Record no. 1809)
[ view plain ]
| 000 -LEADER | |
|---|---|
| fixed length control field | 01205cam a22001814a 4500 |
| 005 - ΗΜΕΡΟΜΗΝΙΑ ΚΑΙ ΩΡΑ ΤΕΛΕΥΤΑΙΑΣ ΕΝΗΜΕΡΩΣΗΣ | |
| Πεδίο ελέγχου | 20250605163309.0 |
| 008 - FIXED-LENGTH DATA ELEMENTS--GENERAL INFORMATION | |
| Πεδίο ελέγχου σταθερού μήκους | 250528s ||||||||||||||||||||||||d |
| 035 ## - SYSTEM CONTROL NUMBER | |
| System control number | 16292 |
| 020 ## - ISBN | |
| ISBN | 751770183 |
| 040 ## - ΠΗΓΗ ΚΑΤΑΛΟΓΟΓΡΑΦΗΣΗΣ | |
| Φορέας πρωτότυπης καταλογογράφησης | MC Athens Campus Library |
| Γλώσσα καταλογογράφησης | Ελληνικά, Μοντέρνα (1453-) |
| Modifying agency | MC Athens Campus Library |
| Κανόνες περιγραφικής καταλογογράφησης | AACR2 |
| 245 1# - ΤΙΤΛΟΣ ΚΑΙ ΔΗΛΩΣΗ ΥΠΕΥΘΥΝΟΤΗΤΑΣ | |
| Τίτλος | BTEC HNC HND Business / Option Module Nine: Personnel Management in the Organisation |
| 260 ## - PUBLICATION, DISTRIBUTION, ETC. | |
| Name of publisher, distributor, etc. | Bpp Publishing, |
| Date of publication, distribution, etc. | 1996 |
| 300 ## - PHYSICAL DESCRIPTION | |
| Extent | 240 |
| 520 ## - SUMMARY, ETC. | |
| Summary, etc. | This Text on Market Relations has been written specifically for Core Module 1 of the BTEC HNC in Business. It gives full coverage of the BTEC Guidelines for learning outcomes and suggested content. Preface, BTEC Guidelines, Study Guide, Personnel Policy and Practice, Policy Frameworks, Personnel and Human Resource Management, Personnel Management and the Organization, Employment Legislation, Equal Opportunities, Health and Safety, Human Resource Planning and the Labor Market, Human Resource Planning, National and International Labor Markets, Personnel Administrative and Information Systems, Skills Audit and Evaluation, Training and Development, Performance Appraisal, Answers to Assignments, Glossary, Index, Review Form. |
| 942 ## - ADDED ENTRY ELEMENTS (KOHA) | |
| Koha item type | Books |
| Τύπος τεκμηρίου | Βιβλιοθήκη | Τρέχουσα τοποθεσία | Barcode | Αριθμός εισαγωγής | Ημερομηνία απόκτησης | Ταξιθετικό σύμβολο | Αριθμός αντιτύπου | Κατάσταση απόσυρσης | Κατάσταση χαμένου | Κατάσταση κατεστραμμένου | Μη δανεισμός | Σύνολο δανεισμών | Ημερομηνία τελευταίας εμφάνισης | Η τιμή ισχύει από |
|---|---|---|---|---|---|---|---|---|---|---|---|---|---|---|
| Books | MC Athens Campus Library | MC Athens Campus Library | 9780000018083 | 3381 | 05/06/2025 | 658.3 BPP C.1 | 2 | 05/06/2025 | 05/06/2025 |